El Problema del narcotráfico /

Gardado en:
Detalles Bibliográficos
Autor Principal: Rivera Figueroa, Ana Matilde
Formato: Texto
Materias:
Etiquetas: Engadir etiqueta
Sen Etiquetas, Sexa o primeiro en etiquetar este rexistro!

MARC

LEADER 00000 a a2200000 04500
001 5008
003
040
100 |a Rivera Figueroa, Ana Matilde  
245 |a El Problema del narcotráfico /  |c Ana Matilde Rivera Figueroa 
650 |a TRAFICO DE DROGAS  
650 |a LUCHA CONTRA LAS DROGAS  
773 |g número 41; páginas 19-20  
999 |c 39948  |d 39948